| 000 | 01387pam a2200349 a 4500 | ||
|---|---|---|---|
| 001 | 4432465 | ||
| 003 | NUST | ||
| 005 | 20220606163853.0 | ||
| 008 | 940322r19941968nbu s000 0aeng | ||
| 010 | _a 94014523 | ||
| 020 | _a0803282176 | ||
| 038 | _aArshad | ||
| 040 |
_aDLC _cDLC _dDLC |
||
| 043 | _an-us-ks | ||
| 050 | 0 | 0 |
_aCT275.M5853 _bA3 1994 |
| 082 | 0 | 0 |
_a818.5403 _bMOO |
| 100 | 1 |
_aMoody, Ralph, _d1898-1982. _97824 |
|
| 245 | 1 | 0 |
_aHorse of a different color : _breminiscenses [sic] of a Kansas drover / _cby Ralph Moody. |
| 260 |
_aLincoln : _bUniversity of Nebraska Press, _c1994. |
||
| 300 |
_a272 p. ; _c21 cm. |
||
| 500 | _aOriginally published: New York : Norton, 1968. | ||
| 500 | _a"Bison book editions." | ||
| 600 | 1 | 0 |
_aMoody, Ralph, _d1898-1982 _xHomes and haunts _zKansas. _97825 |
| 650 | 0 |
_aRanchers _zKansas _vBiography. _97826 |
|
| 650 | 0 |
_aRanch life _zKansas _xHistory _y20th century. _97827 |
|
| 651 | 0 |
_aKansas _vBiography. _97828 |
|
| 856 | 4 | 2 |
_3Publisher description _uhttp://www.loc.gov/catdir/enhancements/fy0728/94014523-d.html |
| 856 | 4 | 2 |
_3Contributor biographical information _uhttp://www.loc.gov/catdir/enhancements/fy0806/94014523-b.html |
| 906 |
_a7 _bcbc _corignew _d1 _eocip _f19 _gy-gencatlg |
||
| 942 |
_2ddc _cBK |
||
| 999 |
_c590126 _d590126 |
||